John Dos Passos, politics and the writer /

Bibliographic Details
Main Author: Rosen, Robert C., 1947-
Format: Book
Language:English
Published: Lincoln : University of Nebraska Press, [1981]
Subjects:

MARC

Tag First Indicator Second Indicator Subfields
LEADER 00000pam a2200000 a 4500
001 in00000081369
005 20151008061042.0
008 810310s1981 nbu b s00110 eng
010 |a  81001928  
020 |a 0803238606 
035 |a (OCoLC)07275400 
035 |9 AAJ7191AM 
039 0 |a 2  |b 3  |c 3  |d 3  |e 3 
040 |a DLC  |c DLC  |d TXA  |d UtOrBLW 
043 |a n-us--- 
049 |a TXAM  |c [388094] 
050 0 0 |a PS3507.O743  |b Z79 
082 0 |a 813/.52  |2 19 
100 1 |a Rosen, Robert C.,  |d 1947- 
245 1 0 |a John Dos Passos, politics and the writer /  |c by Robert C. Rosen. 
264 1 |a Lincoln :  |b University of Nebraska Press,  |c [1981] 
264 4 |c ©1981 
300 |a xv, 191 pages ;  |c 23 cm. 
336 |a text  |b txt  |2 rdacontent 
337 |a unmediated  |b n  |2 rdamedia 
338 |a volume  |b nc  |2 rdacarrier 
500 |a Includes index. 
504 |a Bibliography: pages 173-184. 
600 1 0 |a Dos Passos, John,  |d 1896-1970  |x Political and social views. 
650 0 |a Politics in literature. 
650 0 |a Politics and literature  |z United States. 
650 0 |a Authors, American  |y 20th century  |v Biography. 
999 |a MARS 
999 f f |s 2d0fa7fb-1c36-33b7-b1b1-48f5345ca59c  |i 8b4ba33a-7736-3c83-886a-85326c066827  |t 0 
952 f f |p ric  |a Texas A&M University  |b Rellis Campus  |c Joint Library Facility  |d Remote Storage  |t 0  |e PS3507.O743 Z79  |h Library of Congress classification  |i unmediated -- volume  |m A14806190478 
998 f f |a PS3507.O743 Z79  |t 0  |l Remote Storage